Evangelism by fire / (Record no. 9480)

MARC details
000 -LEADER
fixed length control field 00917cam a22002774a 4500
001 - CONTROL NUMBER
control field 16716802
003 - CONTROL NUMBER IDENTIFIER
control field GBCCL
005 - DATE AND TIME OF LATEST TRANSACTION
control field 20241126110713.0
008 - FIXED-LENGTH DATA ELEMENTS--GENERAL INFORMATION
fixed length control field 110401s2011 flu 000 0 eng
010 ## -
-- 2011013663
020 ## - INTERNATIONAL STANDARD BOOK NUMBER
International Standard Book Number 1882729005
035 ## - SYSTEM CONTROL NUMBER
System control number (OCoLC)ocn709673721
040 ## - CATALOGING SOURCE
Original cataloging agency DLC
Transcribing agency DLC
Modifying agency IG#
-- BTCTA
-- ZQP
-- DLC
050 00 -
-- BV3790
-- .B59 2011
082 00 - DEWEY DECIMAL CLASSIFICATION NUMBER
Classification number 269.2
Edition information 22
Item number BON
100 1# - MAIN ENTRY--PERSONAL NAME
Personal name Bonnke, Reinhard.
9 (RLIN) 16520
245 10 - TITLE STATEMENT
Title Evangelism by fire /
Statement of responsibility, etc. Reinhard Bonnke.
246 34 -
-- Evangelism by fire :
-- igniting your passion for the lost
260 ## - PUBLICATION, DISTRIBUTION, ETC.
Place of publication, distribution, etc. Madurai. :
Name of publisher, distributor, etc. Word of Christ publishing house,
Date of publication, distribution, etc. 1998.
300 ## - PHYSICAL DESCRIPTION
Extent 266 p. ;
Dimensions 23 cm.
650 #0 - SUBJECT ADDED ENTRY--TOPICAL TERM
Topical term or geographic name entry element Evangelistic work.
9 (RLIN) 290
650 #0 - SUBJECT ADDED ENTRY--TOPICAL TERM
Topical term or geographic name entry element Witness bearing (Christianity)
9 (RLIN) 428
906 ## - LOCAL DATA ELEMENT F, LDF (RLIN)
a 7
b cbc
c orignew
d 1
e ecip
f 20
g y-gencatlg
942 ## - ADDED ENTRY ELEMENTS (KOHA)
Source of classification or shelving scheme Dewey Decimal Classification
Koha item type Books
Koha issues (borrowed), all copies 1
Holdings
Withdrawn status Lost status Source of classification or shelving scheme Damaged status Not for loan Home library Current Library Shelving location Date acquired Total checkouts Full call number Barcode Date last seen Date last checked out Copy number Price effective from Koha item type
    Dewey Decimal Classification     GRACE BIBLE COLLEGE GRACE BIBLE COLLEGE Ministry & Mission 2023-01-27 1 269.2 BON 020417 2025-09-25 2023-03-17 c.1 2023-01-27 Books
© Grace Bible College Library 2025